| 000 | 00457nam a2200157Ia 4500 | ||
|---|---|---|---|
| 008 | 210324s9999||||xx |||||||||||||| ||und|| | ||
| 040 | _cSTCPL | ||
| 041 | _hHND | ||
| 082 |
_a891.432 _bASH-K |
||
| 245 | 0 |
_aKaid aur udan _hकैद और उडान |
|
| 250 | _a2nd ed. | ||
| 260 |
_aNew Delhi _bNeelabh Prakash _c1955 |
||
| 300 | _aP 149 18 CM | ||
| 650 | _aGeneralप्रबंन्ध कविता कुरुषेत्र | ||
| 942 | _cBK | ||
| 999 |
_c5581 _d5581 |
||